Warli Paintings (Record no. 2341)

MARC details
000 -LEADER
fixed length control field 00331nam a2200145Ia 4500
008 - FIXED-LENGTH DATA ELEMENTS--GENERAL INFORMATION
fixed length control field 191201s2004 xx 000 0 und d
082 ## - DEWEY DECIMAL CLASSIFICATION NUMBER
Classification number 746.62
Item number PRW
100 ## - MAIN ENTRY--PERSONAL NAME
Personal name PRAKASH, K
245 #0 - TITLE STATEMENT
Title Warli Paintings
250 ## - EDITION STATEMENT
Edition statement 3rd
260 ## - PUBLICATION, DISTRIBUTION, ETC. (IMPRINT)
Place of publication, distribution, etc N.Delhi
Name of publisher, distributor, etc English Education
Date of publication, distribution, etc 2004
300 ## - PHYSICAL DESCRIPTION
Extent -
650 ## - SUBJECT ADDED ENTRY--TOPICAL TERM
Topical term or geographic name as entry element B.Tech(TE)
942 ## - ADDED ENTRY ELEMENTS (KOHA)
Source of classification or shelving scheme Dewey Decimal Classification
Koha item type Text Books
Holdings
Withdrawn status Lost status Source of classification or shelving scheme Damaged status Not for loan Collection code Home library Current library Date acquired Source of acquisition Cost, normal purchase price Bill Number Total Checkouts Full call number Acc. no. / Barcode Date last seen Bill Date Koha item type Checked out Date last borrowed
    Dewey Decimal Classification     B.Tech(TE) PIET C-LIBRARY PIET C-LIBRARY 29/08/2006 M/s UDH, Delhi 295.00 10395   746.62 PRW 5029 04/12/2019 16/01/2006 Text Books    
    Dewey Decimal Classification     B.Tech(TE) PIET C-LIBRARY PIET C-LIBRARY 29/08/2006 M/s UDH, Delhi 295.00 10395   746.62 PRW 5030 04/12/2019 16/01/2006 Text Books    
    Dewey Decimal Classification     B.Tech(TE) PIET C-LIBRARY PIET C-LIBRARY 29/08/2006 M/s UDH, Delhi 295.00 10395 1 746.62 PRW 5031 18/11/2023 16/01/2006 Text Books 16/05/2024 18/11/2023

Design & Developed by: PIET Central Library
R70 Miles Stone Pattikalyana Samalkha Panipat 132102
mail ID :- [email protected], Phone No:- 0180-2569700 Ex.216